000 00529nam a22001817a 4500
005 20251108164355.0
008 250721s1995 xx 000 0 ara d
082 1 4 _a412/عبد
100 1 _aعبد العزيز، محمد حسن
245 1 0 _aالقياس في اللغة العربية /
264 1 _aالقاهرة :
_bدار الفكر العربي،
_c1995.
300 _a303ص
650 1 7 _aاللغة العربية
650 1 7 _aالإشتقاق
650 1 7 _aالألفاظ
942 _2ddc
_cBK
999 _c10582
_d10582